000 00533nam a2200181Ia 4500
005 20250508152839.0
008 008 250505s9999 xx 000 0 eng d
037 _aTextual
040 _aFEDL
_beng
_cFEDL
041 _aeng
_2eng
084 _a371.5, SPI
_qFEDL
100 _aSpiel Oskar
_9762554
245 0 _aDiscipline without punishment : An account of a school in action
260 _aLondon, UK
_bFaber and Faber Limited
_c1947
300 _a171p.
942 _cTEXL
_h371.5, SPI
999 _c1339168
_d1339168